[Event "VIII Open A"]
[Site "Genova ITA"]
[Date "2004.08.17"]
[Round "9"]
[White "Gromovs, Sergejs"]
[Black "Genocchio, Daniele"]
[Result "1-0"]
[WhiteElo "2341"]
[BlackElo "2353"]
[PlyCount "65"]
[EventDate "2004.08.09"]

1. d4 g6 2. e4 Bg7 3. Nc3 d6 4. Be3 c6 5. Qd2 b5 6. Bd3 Bb7 7. Nf3 Nd7 8. O-O
a6 9. a4 b4 10. Ne2 c5 11. c3 bxc3 12. bxc3 Ngf6 13. Ng3 O-O 14. Bh6 e6 15.
Rfe1 Kh8 16. Qf4 Bxh6 17. Qxh6 Ng8 18. Qf4 e5 19. Qe3 cxd4 20. cxd4 Qa5 21.
Reb1 Rab8 22. h4 h6 23. Bc4 Kg7 24. h5 Ne7 25. hxg6 fxg6 26. Be6 Bc6 27. d5
Rxb1+ 28. Rxb1 Bxa4 29. Rb7 Rd8 30. Qa3 Kf8 31. Bxd7 Rxd7 32. Rxd7 Bxd7 33.
Qxa5 1-0

[Event "VIII Open A"]
[Site "Genova ITA"]
[Date "2004.08.17"]
[Round "9"]
[White "Guido, Flavio"]
[Black "Mateo, Ramon"]
[Result "1/2-1/2"]
[WhiteElo "2338"]
[BlackElo "2425"]
[PlyCount "35"]
[EventDate "2004.08.09"]

1. e4 c5 2. c3 Nf6 3. e5 Nd5 4. d4 cxd4 5. Nf3 e6 6. cxd4 b6 7. Nc3 Bb7 8. Bd3
Nxc3 9. bxc3 d5 10. O-O Be7 11. Ne1 Nc6 12. Qg4 g6 13. Bh6 Na5 14. Nf3 Bf8 15.
Bg5 Be7 16. Bh6 Bf8 17. Bg5 Be7 18. Bh6 1/2-1/2

[Event "VIII Open A"]
[Site "Genova ITA"]
[Date "2004.08.17"]
[Round "9"]
[White "Mrdja, Milan"]
[Black "Gentile, Claudio"]
[Result "1-0"]
[WhiteElo "2432"]
[BlackElo "2137"]
[PlyCount "55"]
[EventDate "2004.08.09"]

1. e4 e5 2. Bc4 Nf6 3. d3 d5 4. exd5 Nxd5 5. Nf3 Nc6 6. O-O Bg4 7. h3 Bh5 8.
Re1 Qd6 9. g4 Bg6 10. Bxd5 Qxd5 11. Nc3 Qa5 12. a3 O-O-O 13. Be3 Nd4 14. b4
Nxf3+ 15. Qxf3 Qa6 16. Rab1 h5 17. g5 h4 18. a4 f6 19. Nb5 Bf7 20. Nxa7+ Kb8
21. b5 Qe6 22. Nc6+ bxc6 23. bxc6+ Ka8 24. Rb7 Qa2 25. Reb1 Qxa4 26. Ra7+ Qxa7
27. Bxa7 Kxa7 28. Qg4 1-0

[Event "VIII Open A"]
[Site "Genova ITA"]
[Date "2004.08.17"]
[Round "9"]
[White "Nolte, Rolando"]
[Black "Di Paolo, Raffaele"]
[Result "1-0"]
[WhiteElo "2389"]
[BlackElo "2321"]
[PlyCount "97"]
[EventDate "2004.08.09"]

1. e4 e6 2. d4 d5 3. Nc3 Bb4 4. e5 c5 5. a3 Bxc3+ 6. bxc3 Ne7 7. a4 Qa5 8. Bd2
Nbc6 9. Nf3 Bd7 10. Bb5 a6 11. Be2 O-O-O 12. O-O c4 13. Re1 f6 14. Bf1 Ng6 15.
g3 Rdf8 16. exf6 gxf6 17. Bh6 Rf7 18. Qd2 Rg8 19. Bg2 Qc7 20. h4 Re7 21. h5 Nh8
22. Bf4 Qa5 23. Bd6 Ree8 24. Bb4 Qc7 25. Qh6 Nxb4 26. cxb4 Ref8 27. c3 Nf7 28.
Qxh7 Rh8 29. Qg6 Nd6 30. Nh4 Qd8 31. Qg4 e5 32. Qd1 e4 33. Ng6 Rfg8 34. Nxh8
Rxh8 35. b5 a5 36. Qc1 Rxh5 37. Qa3 Bg4 38. Qc5+ Kd7 39. b6 Nf7 40. Rab1 Nd6
41. Re3 Qg8 42. Rbe1 Rf5 43. Qc7+ Ke6 44. Bxe4 dxe4 45. Rxe4+ Nxe4 46. Rxe4+
Kd5 47. Qxb7+ Kd6 48. Qc7+ Kd5 49. Re7 1-0

[Event "VIII Open A"]
[Site "Genova ITA"]
[Date "2004.08.17"]
[Round "9"]
[White "Ranola, Yves"]
[Black "Paragua, Mark"]
[Result "1/2-1/2"]
[WhiteElo "2410"]
[BlackElo "2529"]
[PlyCount "48"]
[EventDate "2004.08.09"]

1. c4 g6 2. g3 Bg7 3. Bg2 c5 4. Nc3 Nc6 5. a3 a6 6. Rb1 Rb8 7. b4 cxb4 8. axb4
b5 9. cxb5 axb5 10. Nf3 e5 11. d4 exd4 12. Nd5 Nf6 13. Bg5 h6 14. Nxf6+ Bxf6
15. Bf4 d6 16. Bxh6 Rxh6 17. Qc1 g5 18. Qxc6+ Kf8 19. O-O Bb7 20. Qc2 Qe7 21.
Rbd1 Be4 22. Qd2 Qb7 23. h4 Rh5 24. hxg5 Be5 1/2-1/2

[Event "VIII Open A"]
[Site "Genova ITA"]
[Date "2004.08.17"]
[Round "9"]
[White "Sanchez, Joseph"]
[Black "Dervishi, Erald"]
[Result "1-0"]
[WhiteElo "2453"]
[BlackElo "2486"]
[PlyCount "70"]
[EventDate "2004.08.09"]

1. e4 e5 2. Nf3 Nc6 3. Nc3 Nf6 4. Bb5 Nd4 5. Ba4 Bc5 6. O-O O-O 7. Nxe5 d6 8.
Nf3 Bg4 9. d3 Nd7 10. Bxd7 Qxd7 11. Be3 f5 12. Bxd4 Bxd4 13. h3 Bxc3 14. hxg4
fxg4 15. Nh2 Bxb2 16. Rb1 Bd4 17. c3 Bb6 18. Qxg4 Qf7 19. Rb2 Rae8 20. Nf3 Qe7
21. Re1 Rf6 22. e5 Rg6 23. Qe4 Qe6 24. d4 d5 25. Qe3 Rf8 26. Nh4 Rg4 27. Qh3
Re8 28. g3 Re4 29. Qxe6+ Rxe6 30. Rd1 c5 31. Nf5 cxd4 32. cxd4 g6 33. Rxb6 axb6
34. Ne3 Rc6 35. Nxd5 Re2 1-0

[Event "VIII Open A"]
[Site "Genova ITA"]
[Date "2004.08.17"]
[Round "9"]
[White "Wisnewski, Christoph"]
[Black "Roatta, Luca"]
[Result "1-0"]
[WhiteElo "2410"]
[BlackElo "2147"]
[PlyCount "67"]
[EventDate "2004.08.09"]

1. e4 c6 2. d4 d5 3. e5 Bf5 4. h4 h5 5. c4 e6 6. Nc3 Nd7 7. Bg5 Qb6 8. Qd2 Ne7
9. Nge2 dxc4 10. Ng3 Bg6 11. Nge4 O-O-O 12. Nd6+ Kb8 13. O-O-O f6 14. Nxc4 Qb4
15. exf6 gxf6 16. Bf4+ e5 17. dxe5 Nd5 18. Nxd5 Qxd2+ 19. Rxd2 cxd5 20. e6+ Ne5
21. Nxe5 fxe5 22. Bxe5+ Bd6 23. Bxh8 Rxh8 24. Bd3 Rc8+ 25. Kb1 Be8 26. g3 a5
27. a3 b5 28. Rc1 Rd8 29. Be2 Bg6+ 30. Ka2 Bf5 31. Bxb5 Bxe6 32. Ba4 Bc7 33.
Bb3 Bb6 34. Rc6 1-0

[Event "C.to Europeo U18"]
[Site "Urgup TUR"]
[Date "2004.07.29"]
[Round "1"]
[White "Cappai, Davide"]
[Black "Porat, David"]
[Result "1-0"]
[WhiteElo "2132"]
[BlackElo "2323"]
[PlyCount "59"]
[EventDate "2004.07.29"]

1. e4 c5 2. Nf3 d6 3. d4 cxd4 4. Nxd4 Nf6 5. Nc3 g6 6. Be2 Bg7 7. Be3 O-O 8. h3
Nc6 9. Qd2 Bd7 10. g4 Qa5 11. Nb3 Qc7 12. g5 Ne8 13. Nd5 Qd8 14. c3 e6 15. Nf4
Ne5 16. h4 b5 17. Bd4 Bc6 18. Qc2 Qe7 19. Na5 Bd7 20. Ng2 Nc6 21. Bxg7 Nxg7 22.
Nb3 Rac8 23. Rd1 d5 24. Ne3 dxe4 25. Qxe4 a6 26. Ng4 Kh8 27. Nf6 Nb8 28. h5 Bc6
29. hxg6 h5 30. Rxh5+ 1-0

[Event "C.to Europeo U18"]
[Site "Urgup TUR"]
[Date "2004.07.29"]
[Round "1"]
[White "Ronchetti, Niccolo'"]
[Black "Ekdyshman, Mikhail"]
[Result "1-0"]
[WhiteElo "2216"]
[BlackElo "2439"]
[PlyCount "120"]
[EventDate "2004.07.29"]

1. e4 c5 2. Nf3 g6 3. d4 cxd4 4. Nxd4 Bg7 5. c4 Nc6 6. Be3 Nf6 7. Nc3 O-O 8.
Be2 b6 9. O-O Bb7 10. f3 e6 11. Ndb5 d5 12. exd5 exd5 13. cxd5 Nb4 14. d6 Nfd5
15. Bd4 Bxd4+ 16. Qxd4 Nc2 17. Qe4 Nxc3 18. Qxc2 Nxb5 19. Bxb5 Qxd6 20. Rad1
Qe5 21. Bd7 Rad8 22. Rfe1 Qa5 23. Re3 Bc8 24. Bxc8 Rxc8 25. Qb3 Qc5 26. Kh1 a5
27. Rde1 a4 28. Qd3 Rfd8 29. Qe2 h5 30. h3 Qd5 31. Qa6 Qd4 32. R3e2 Kg7 33. Qb7
Qf6 34. Qa6 Ra8 35. Qc4 Rd4 36. Qc3 Rad8 37. a3 b5 38. Qc2 Rc4 39. Qb1 Rd5 40.
b3 Rc3 41. bxa4 bxa4 42. Qb4 Qd4 43. Qb7 Rd6 44. Qb2 Rb3 45. Qa2 Qc3 46. Re7
Rd2 47. Qa1 Rbb2 48. R7e2 Kh7 49. Rxd2 Qxd2 50. Rg1 Kg8 51. Qf1 Rb3 52. Qa1 Rb2
53. Qf1 Ra2 54. Qb5 Rxa3 55. Qb8+ Kg7 56. Qe5+ Kh7 57. Qe7 Qa2 58. Rd1 Qb3 59.
Rd7 Ra1+ 60. Kh2 Qc4 1-0

[Event "C.to Europeo U18"]
[Site "Urgup TUR"]
[Date "2004.07.30"]
[Round "2"]
[White "Alcazar Jimenez, Victor Manuel"]
[Black "Ronchetti, Niccolo'"]
[Result "1-0"]
[WhiteElo "2412"]
[BlackElo "2216"]
[PlyCount "57"]
[EventDate "2004.07.29"]

1. e4 c5 2. Nf3 Nc6 3. Nc3 Nf6 4. Bb5 e5 5. O-O d6 6. Bxc6+ bxc6 7. h3 g6 8. d3
Bg7 9. Be3 O-O 10. Qd2 Rb8 11. Rab1 Qe7 12. Nh2 Nh5 13. g4 Nf4 14. Bxf4 exf4
15. Qxf4 Be5 16. Qd2 Qh4 17. f4 Bxc3 18. Qxc3 Qxh3 19. f5 Qh4 20. Rf3 Bd7 21.
Kg2 Rbe8 22. Rh1 d5 23. Rh3 Qg5 24. Rxh7 d4 25. Qxc5 Bxf5 26. Rh8+ Kg7 27.
Qxd4+ f6 28. Qxa7+ Rf7 29. Rh7+ 1-0

[Event "C.to Europeo U18"]
[Site "Urgup TUR"]
[Date "2004.07.30"]
[Round "2"]
[White "Cappai, Davide"]
[Black "Sakelsek, Tadej"]
[Result "0-1"]
[WhiteElo "2132"]
[BlackElo "2378"]
[PlyCount "96"]
[EventDate "2004.07.29"]

1. e4 c5 2. Nf3 Nc6 3. d4 cxd4 4. Nxd4 Qc7 5. Nb5 Qb8 6. c4 Nf6 7. f3 e6 8. Be3
b6 9. Be2 Bc5 10. Bxc5 bxc5 11. Qd6 Qxd6 12. Nxd6+ Ke7 13. Nxc8+ Rhxc8 14. Nc3
d6 15. Kf2 Nd4 16. Rhd1 Nd7 17. Rd2 g6 18. Bd3 Rab8 19. Re1 Ne5 20. b3 f5 21.
exf5 gxf5 22. Ne2 Nxe2 23. Rexe2 Kf6 24. Bxf5 Kxf5 25. g4+ Kf6 26. f4 Nf7 27.
Kg3 Re8 28. h4 Rbd8 29. h5 e5 30. g5+ Kg7 31. fxe5 Rxe5 32. Rxe5 dxe5 33. Re2
Rd3+ 34. Kg4 Rd4+ 35. Kf5 Rf4+ 36. Ke6 e4 37. g6 hxg6 38. hxg6 Kxg6 39. Kd5
Rf5+ 40. Kc6 Re5 41. a3 e3 42. b4 cxb4 43. axb4 Kf5 44. c5 Ke4 45. Kd7 Rd5+ 46.
Ke6 Nd8+ 47. Ke7 Nc6+ 48. Ke6 Nd4+ 0-1

[Event "C.to Europeo U18"]
[Site "Urgup TUR"]
[Date "2004.07.31"]
[Round "3"]
[White "Ronchetti, Niccolo'"]
[Black "Netzer, Jean"]
[Result "1-0"]
[WhiteElo "2216"]
[BlackElo "2370"]
[PlyCount "109"]
[EventDate "2004.07.29"]

1. e4 c5 2. Nf3 e6 3. c3 Nf6 4. e5 Nd5 5. d4 cxd4 6. cxd4 b6 7. Nc3 Nxc3 8.
bxc3 Qc7 9. Bd2 Bb7 10. Bd3 d6 11. O-O Nd7 12. Re1 dxe5 13. Nxe5 Nxe5 14. Rxe5
Bd6 15. Rh5 g6 16. Rh4 O-O 17. Qe2 a6 18. c4 Rfe8 19. Qe3 f5 20. Rc1 Bf8 21.
Qh3 Rad8 22. Bc2 Qd7 23. Bb3 Rc8 24. a4 Qe7 25. Re1 Qd7 26. Rd1 Qf7 27. Qd3 Be7
28. Rh3 Bf6 29. Bc3 Rcd8 30. Qe2 Qg7 31. Qb2 Re7 32. Bc2 Rc7 33. Bb3 Rcd7 34.
Qa1 Rd6 35. a5 bxa5 36. c5 R6d7 37. Ba4 Rd5 38. Bb3 R5d7 39. Rhd3 Bd5 40. Ba4
Rb7 41. Bxa5 Rc8 42. Qa3 f4 43. Rc3 g5 44. c6 Rbb8 45. Qd6 Qe7 46. Qxe7 Bxe7
47. c7 Ra8 48. Bd7 Kf7 49. Rb1 e5 50. dxe5 Be6 51. Bxc8 Rxc8 52. Rb8 Bd7 53.
Rd3 Ke6 54. Rxc8 Bxc8 55. Rd8 1-0

[Event "C.to Europeo U18"]
[Site "Urgup TUR"]
[Date "2004.07.31"]
[Round "3"]
[White "Sulashvili, Malkhaz"]
[Black "Cappai, Davide"]
[Result "1-0"]
[WhiteElo "2312"]
[BlackElo "2132"]
[PlyCount "101"]
[EventDate "2004.07.29"]

1. e4 c5 2. Nf3 Nc6 3. d4 cxd4 4. Nxd4 g6 5. c4 Nf6 6. Nc3 d6 7. f3 Nxd4 8.
Qxd4 Bg7 9. Be3 O-O 10. Qd2 Qa5 11. Rc1 Be6 12. Be2 Rfc8 13. b3 a6 14. Nd5
Qxd2+ 15. Kxd2 Nxd5 16. cxd5 Bd7 17. Rxc8+ Rxc8 18. Rc1 Rxc1 19. Kxc1 Kf8 20.
Bb6 Ke8 21. a4 Be5 22. g3 f5 23. f4 Bc3 24. Kc2 Bf6 25. Bf3 fxe4 26. Bxe4 Bh3
27. Kd2 Bg4 28. b4 Bf5 29. Bf3 Bb1 30. b5 axb5 31. axb5 Bb2 32. Be3 Kd7 33. g4
Ba3 34. b6 Bb4+ 35. Ke2 Ba2 36. g5 Bc4+ 37. Kf2 Bc5 38. Bg4+ Ke8 39. Bxc5 dxc5
40. Be6 Kf8 41. Ke3 Kg7 42. h4 Kf8 43. Ke4 Kg7 44. Bc8 Ba6 45. Ke3 Kf8 46. Kd2
Kg7 47. Kc3 Kf8 48. Kb3 Kg7 49. Ka4 Kf8 50. Bd7 Bc4 51. Bc6 1-0

[Event "C.to Europeo U18"]
[Site "Urgup TUR"]
[Date "2004.08.01"]
[Round "4"]
[White "Kuzmicz, Krystian"]
[Black "Ronchetti, Niccolo'"]
[Result "1-0"]
[WhiteElo "2385"]
[BlackElo "2216"]
[PlyCount "65"]
[EventDate "2004.07.29"]

1. e4 c5 2. d3 Nc6 3. g3 g6 4. Bg2 Bg7 5. f4 d6 6. Nf3 e6 7. O-O Nge7 8. c3 O-O
9. Be3 Rb8 10. Bf2 b5 11. d4 cxd4 12. cxd4 d5 13. e5 b4 14. Nbd2 Na5 15. Nb3
Ba6 16. Re1 Nxb3 17. axb3 Qb6 18. g4 Rfc8 19. Bh4 Bf8 20. Bh3 Rc7 21. Kh1 Bb5
22. f5 Bd7 23. fxg6 fxg6 24. Qd2 Nc6 25. Rad1 Na5 26. Qe3 Rc2 27. Rb1 Re8 28.
Bf6 Bb5 29. Nh4 Rec8 30. g5 Be8 31. Ng2 Bf7 32. Nf4 Nc6 33. Nxe6 1-0

[Event "C.to Europeo U18"]
[Site "Urgup TUR"]
[Date "2004.08.02"]
[Round "5"]
[White "Ronchetti, Niccolo'"]
[Black "Baltag, Iulian"]
[Result "1/2-1/2"]
[WhiteElo "2216"]
[BlackElo "2338"]
[PlyCount "93"]
[EventDate "2004.07.29"]

1. e4 g6 2. d4 Bg7 3. Nf3 d6 4. Bd3 Nf6 5. O-O O-O 6. c3 Nc6 7. b4 a6 8. Bb2
Nh5 9. Re1 e5 10. Qb3 Kh8 11. Nbd2 f5 12. dxe5 dxe5 13. Rad1 Qxd3 14. Nc4 Nf4
15. Rxd3 Nxd3 16. Re3 fxe4 17. Rxe4 Bf5 18. Re3 Rad8 19. Ncd2 Nxf2 20. Kxf2
Rxd2+ 21. Nxd2 Be6+ 22. Ke1 Bxb3 23. Nxb3 b6 24. a4 h6 25. Ke2 Ne7 26. c4 Nf5
27. Rd3 Re8 28. Rd7 Bf8 29. Rxc7 Bxb4 30. Rc6 Nd4+ 31. Nxd4 exd4+ 32. Kd3 Re3+
33. Kxd4 Rb3 34. Ba1 Rb1 35. Rxb6 a5 36. c5 Rxa1 37. c6 Rc1 38. Ke5 h5 39. Rb8+
Kh7 40. Rb7+ Kh6 41. c7 Bd2 42. g3 Be3 43. Kd6 Rd1+ 44. Ke6 Rc1 45. Kd7 Rd1+
46. Ke6 Rc1 47. Kd7 1/2-1/2

[Event "C.to Europeo U18"]
[Site "Urgup TUR"]
[Date "2004.08.05"]
[Round "7"]
[White "Ronchetti, Niccolo'"]
[Black "Yatsenko, Alexey"]
[Result "1-0"]
[WhiteElo "2216"]
[BlackElo "2342"]
[PlyCount "105"]
[EventDate "2004.07.29"]

1. e4 d6 2. d4 Nf6 3. Nc3 Nbd7 4. Bc4 e5 5. Nf3 Be7 6. O-O c6 7. a4 O-O 8. Re1
exd4 9. Nxd4 Ne5 10. Bb3 Re8 11. f4 Ng6 12. Nf3 d5 13. exd5 Bc5+ 14. Kf1 Rxe1+
15. Qxe1 Bg4 16. Be3 Bd6 17. Qg3 Qc7 18. dxc6 bxc6 19. Ne4 Nxe4 20. Qxg4 Nf6
21. Qf5 Ne7 22. Qd3 Ned5 23. g3 h6 24. Bd4 Re8 25. Re1 Rd8 26. Qe2 Qb7 27. Bxf6
Nxf6 28. Nh4 Bf8 29. Rd1 Re8 30. Qf3 Qa6+ 31. Qd3 Qc8 32. Qf5 Qa6+ 33. Qd3 Qb6
34. Qd4 Bc5 35. Qd3 Qb7 36. Re1 Rb8 37. Nf5 Qc7 38. Nxh6+ Kf8 39. Qf5 Bb4 40.
Rd1 Qa5 41. Qxa5 Bxa5 42. Nf5 g6 43. Nd4 Rc8 44. Nf3 Bb6 45. Ne5 Rc7 46. Rd6
Ne4 47. Rxc6 Rb7 48. Rc8+ Kg7 49. Bd5 Re7 50. Bxe4 f6 51. Nc4 Rxe4 52. a5 Bd4
53. c3 1-0

[Event "C.to Europeo U18"]
[Site "Urgup TUR"]
[Date "2004.08.06"]
[Round "8"]
[White "Ronchetti, Niccolo'"]
[Black "Maghalashvili, Davit"]
[Result "1/2-1/2"]
[WhiteElo "2216"]
[BlackElo "2395"]
[PlyCount "64"]
[EventDate "2004.07.29"]

1. e4 c5 2. Nf3 d6 3. d4 cxd4 4. Nxd4 Nf6 5. Nc3 a6 6. Bc4 e6 7. Bb3 Nc6 8. Be3
Be7 9. Qe2 Qc7 10. O-O-O Na5 11. g4 b5 12. g5 Nxb3+ 13. axb3 Nd7 14. Nf5 exf5
15. Nd5 Qd8 16. exf5 Bb7 17. f6 gxf6 18. Rhe1 Bxd5 19. Rxd5 Rg8 20. gxf6 Nxf6
21. Rf5 Ng4 22. Bg5 Ne5 23. Bxe7 Qxe7 24. f4 Nd3+ 25. cxd3 Rc8+ 26. Kd2 Qxe2+
27. Rxe2+ Kf8 28. Rh5 Kg7 29. Rg5+ Kf6 30. Rh5 Kg6 31. Rg5+ Kf6 32. Rh5 Kg6
1/2-1/2

[Event "C.to Europeo U18"]
[Site "Urgup TUR"]
[Date "2004.08.07"]
[Round "9"]
[White "Barnaure, Vlad-Victor"]
[Black "Ronchetti, Niccolo'"]
[Result "1/2-1/2"]
[WhiteElo "2427"]
[BlackElo "2216"]
[PlyCount "105"]
[EventDate "2004.07.29"]

1. Nf3 Nf6 2. c4 c6 3. b3 d5 4. Bb2 Bf5 5. g3 e6 6. Bg2 Nbd7 7. d3 h6 8. O-O
Be7 9. Nc3 O-O 10. Qc2 Nc5 11. Rad1 Qc7 12. cxd5 cxd5 13. b4 Ncd7 14. Qb3 a5
15. a3 axb4 16. axb4 Qb6 17. Nd4 Bg4 18. h3 Bh5 19. g4 Bg6 20. Ndb5 Ne5 21. e4
dxe4 22. dxe4 Nxe4 23. Nxe4 Qxb5 24. Nd6 Bxd6 25. Rxd6 Nc4 26. Rd4 Nxb2 27.
Qxb2 Rac8 28. Qa3 Rfd8 29. Rxd8+ Rxd8 30. Qa5 Qxa5 31. bxa5 Ra8 32. Ra1 Ra7 33.
Ra3 Kf8 34. Rb3 Rxa5 35. Rxb7 Ra2 36. Bf3 Bd3 37. Kg2 g5 38. Bc6 Bc4 39. Rb4
Rc2 40. Be4 Rc1 41. Kh2 Kg7 42. Rb7 Be2 43. Rb2 Bd1 44. Bg2 h5 45. Rb5 Kh6 46.
Rb7 Kg6 47. Be4+ Kf6 48. gxh5 Bxh5 49. Bg2 Rc3 50. Rb4 Bf3 51. Bxf3 Rxf3 52.
Kg2 Rf4 53. Rb5 1/2-1/2

[Event "C.to Europeo U16"]
[Site "Urgup TUR"]
[Date "2004.07.29"]
[Round "1"]
[White "Visentin, Daniele"]
[Black "McPhillips, Karl"]
[Result "0-1"]
[WhiteElo "1560"]
[BlackElo "2172"]
[PlyCount "67"]
[EventDate "2004.07.29"]

1. e4 c5 2. Nf3 Nc6 3. d4 cxd4 4. Nxd4 g6 5. Nc3 Bg7 6. Be3 Nf6 7. Be2 O-O 8.
Qd2 d5 9. exd5 Nxd5 10. Nxc6 bxc6 11. Nxd5 cxd5 12. c3 e5 13. Rd1 Be6 14. O-O
Qa5 15. b3 Rac8 16. Rc1 f5 17. b4 Qa3 18. Bc5 Rf7 19. Rc2 a5 20. Rd1 axb4 21.
Bxb4 Qa7 22. Bb5 f4 23. a4 f3 24. gxf3 Rxf3 25. Ra2 Qf7 26. Bf1 Rf4 27. Ra3
Rg4+ 28. Bg2 Qf3 29. Kf1 Qxg2+ 30. Ke2 Re4+ 31. Kd3 Qf3+ 32. Kc2 Re2 33. Kc1
Rxd2 34. Rxd2 0-1

[Event "C.to Europeo U16"]
[Site "Urgup TUR"]
[Date "2004.07.30"]
[Round "2"]
[White "Lettieri, Giuseppe"]
[Black "Braun, Arik"]
[Result "0-1"]
[WhiteElo "2144"]
[BlackElo "2473"]
[PlyCount "102"]
[EventDate "2004.07.29"]

1. e4 c6 2. d4 d5 3. exd5 cxd5 4. Bd3 Nc6 5. c3 Nf6 6. Bf4 Bg4 7. Qb3 Qc8 8.
Nd2 e6 9. Ngf3 Be7 10. O-O O-O 11. Qc2 Bh5 12. Ne5 b5 13. Ndf3 a6 14. Nxc6 Qxc6
15. Ne5 Qb7 16. Bg5 Bg6 17. f4 Bxd3 18. Qxd3 Ne4 19. Bxe7 Qxe7 20. f5 f6 21.
Ng4 g6 22. fxg6 hxg6 23. Qh3 Ra7 24. Rae1 f5 25. Nf2 Qg5 26. Nxe4 dxe4 27. Qg3
Qxg3 28. hxg3 Rd7 29. a3 Kg7 30. Kf2 Kf6 31. Rd1 Kg5 32. Rh1 Rfd8 33. Ke2 a5
34. b3 Rc7 35. Rc1 Rc6 36. Ke3 Rdc8 37. Kd2 Kg4 38. Rh6 Rg8 39. Rh3 g5 40. Rh6
Kxg3 41. d5 Rd8 42. c4 bxc4 43. bxc4 Rcd6 44. Rh3+ Kg4 45. Rcc3 exd5 46. c5 Rc6
47. Rh7 d4 48. Rc4 Rd5 49. Rg7 Rcxc5 50. Rxc5 Rxc5 51. Rd7 d3 0-1

[Event "C.to Europeo U16"]
[Site "Urgup TUR"]
[Date "2004.08.01"]
[Round "4"]
[White "Dourerassou, Jonathan"]
[Black "Lettieri, Giuseppe"]
[Result "1/2-1/2"]
[WhiteElo "2348"]
[BlackElo "2144"]
[PlyCount "79"]
[EventDate "2004.07.29"]

1. e4 c5 2. Nf3 d6 3. d4 cxd4 4. Nxd4 Nf6 5. Nc3 g6 6. Be3 Bg7 7. f3 O-O 8. Qd2
Nc6 9. O-O-O d5 10. exd5 Nxd5 11. Nxc6 bxc6 12. Bd4 e5 13. Bc5 Be6 14. Ne4 Re8
15. g4 h6 16. Bc4 Qc7 17. Qf2 f5 18. gxf5 gxf5 19. Nd2 e4 20. fxe4 Qe5 21. Bd4
Qxd4 22. Qxd4 Bxd4 23. exd5 cxd5 24. Bd3 Be3 25. Kb1 f4 26. h3 Kh8 27. Nf3 Rg8
28. Ne5 Rg3 29. Ng4 h5 30. Nxe3 Rxe3 31. Rdf1 Rf8 32. h4 Bh3 33. Rf2 f3 34. Kc1
Bg2 35. Rh2 Rf4 36. Kd2 Re6 37. b3 d4 38. b4 Kg7 39. b5 Ref6 40. a4 1/2-1/2

[Event "C.to Europeo U16"]
[Site "Urgup TUR"]
[Date "2004.08.07"]
[Round "9"]
[White "Azaladze, Shota"]
[Black "Lettieri, Giuseppe"]
[Result "1-0"]
[WhiteElo "2244"]
[BlackElo "2144"]
[PlyCount "45"]
[EventDate "2004.07.29"]

1. Nf3 c5 2. g3 g6 3. Bg2 Bg7 4. O-O Nc6 5. e4 e5 6. Nc3 Nge7 7. d3 h6 8. Be3
d6 9. Qd2 Be6 10. Ne2 Qd7 11. c3 f5 12. Nh4 Bf6 13. Nf3 Bg7 14. exf5 Nxf5 15.
d4 cxd4 16. cxd4 Nfe7 17. Nc3 exd4 18. Nxd4 Nxd4 19. Bxd4 Bxd4 20. Qxd4 O-O 21.
Rad1 Nf5 22. Qd2 Qg7 23. Rfe1 1-0

[Event "C.to Europeo U14"]
[Site "Urgup TUR"]
[Date "2004.07.30"]
[Round "2"]
[White "Bonafede, Alessandro"]
[Black "Margvelashvili, Giorgi"]
[Result "0-1"]
[WhiteElo "2107"]
[BlackElo "2289"]
[PlyCount "100"]
[EventDate "2004.07.29"]

1. e4 c6 2. d3 d5 3. Nd2 e5 4. Ngf3 Bd6 5. g3 Nf6 6. Bg2 O-O 7. O-O Nbd7 8. Re1
Re8 9. c3 a5 10. Qc2 Qc7 11. d4 exd4 12. cxd4 dxe4 13. Ng5 Nf8 14. Ndxe4 Nxe4
15. Nxe4 Be6 16. Bd2 Bd5 17. Rac1 Ne6 18. Qd3 Qd7 19. b3 a4 20. Bh3 Be7 21. Nc3
axb3 22. Nxd5 Qxd5 23. Bxe6 fxe6 24. axb3 Bf6 25. Be3 Rad8 26. Red1 e5 27. Rc5
Qf7 28. Qc4 Qxc4 29. Rxc4 exd4 30. Bd2 Rd5 31. Bb4 Re6 32. Bc5 Kf7 33. Kg2 b5
34. Rcc1 Bg5 35. Rc2 d3 36. Rc3 Bf6 37. Rcc1 Bb2 38. Rb1 Rxc5 39. Rxb2 Rc3 40.
b4 Ke7 41. Kg1 Re4 42. Kg2 Kd6 43. Kf3 Kd5 44. Rbd2 Rxb4 45. Rxd3+ Rxd3+ 46.
Rxd3+ Rd4 47. Re3 b4 48. Re7 b3 49. Rxg7 c5 50. Ke3 b2 0-1

[Event "C.to Europeo U14"]
[Site "Urgup TUR"]
[Date "2004.08.01"]
[Round "4"]
[White "Bonafede, Alessandro"]
[Black "Klimov, Anton"]
[Result "1-0"]
[WhiteElo "2107"]
[BlackElo "2269"]
[PlyCount "53"]
[EventDate "2004.07.29"]

1. e4 c5 2. Nf3 Nc6 3. d4 cxd4 4. Nxd4 g6 5. Nc3 Bg7 6. Be3 Nf6 7. Bc4 Qa5 8.
O-O O-O 9. Bb3 d6 10. h3 Bd7 11. f4 Qh5 12. Nf3 b5 13. a3 a5 14. Qd3 a4 15. Bd5
e6 16. Bxc6 Bxc6 17. Nd5 Bb7 18. f5 gxf5 19. exf5 e5 20. Nb6 d5 21. Bc5 Rfd8
22. Be7 Rd7 23. Bxf6 Bxf6 24. Nd4 Be7 25. Qg3+ Kh8 26. Qxe5+ Kg8 27. Qxe7 1-0

[Event "C.to Europeo U14"]
[Site "Urgup TUR"]
[Date "2004.08.02"]
[Round "5"]
[White "Leniart, Arkadiusz"]
[Black "Bonafede, Alessandro"]
[Result "0-1"]
[WhiteElo "2235"]
[BlackElo "2107"]
[PlyCount "70"]
[EventDate "2004.07.29"]

1. d4 f5 2. c4 Nf6 3. Nc3 g6 4. h4 Bg7 5. h5 Nxh5 6. e4 O-O 7. exf5 e5 8. fxg6
hxg6 9. dxe5 Nc6 10. Qd5+ Rf7 11. Nf3 Nb4 12. Qe4 d6 13. c5 dxc5 14. e6 Bxe6
15. Ng5 Bf5 16. Nxf7 Qd7 17. Ne5 Bxe5 18. Qc4+ Kg7 19. Ne4 Bxe4 20. Be2 Nc2+
21. Kf1 Qc6 22. Kg1 Nxa1 23. Bxh5 gxh5 24. Rxh5 Bd5 25. Bh6+ Kg6 26. Qe2 Bf3
27. Qd2 Qf6 28. Rg5+ Kf7 29. Rg7+ Ke6 30. gxf3 Rh8 31. Qe2 Kd6 32. Qb5 Rd8 33.
Qd3+ Kc6 34. Qg6 Qe6 35. Qg3 a5 0-1

[Event "C.to Europeo U14"]
[Site "Urgup TUR"]
[Date "2004.08.04"]
[Round "6"]
[White "Bonafede, Alessandro"]
[Black "Paichadze, Luka"]
[Result "0-1"]
[WhiteElo "2107"]
[BlackElo "2160"]
[PlyCount "58"]
[EventDate "2004.07.29"]

1. e4 c6 2. d3 d5 3. Nd2 e5 4. Ngf3 Bd6 5. d4 exd4 6. exd5 Nf6 7. Nxd4 Nxd5 8.
Be2 O-O 9. O-O Bxh2+ 10. Kxh2 Qh4+ 11. Kg1 Qxd4 12. c3 Qf6 13. Ne4 Qg6 14. Ng3
f5 15. c4 Nf6 16. Qd6 Qf7 17. b3 Be6 18. Ba3 Re8 19. Bf3 Nbd7 20. Rad1 g6 21.
Rfe1 a5 22. Ne2 Qf8 23. Nf4 Bf7 24. Rf1 g5 25. Bb2 Qh6 26. Nh5 Re6 27. Nxf6+
Nxf6 28. Be2 Rae8 29. Bc1 f4 0-1

[Event "C.to Europeo U14"]
[Site "Urgup TUR"]
[Date "2004.08.05"]
[Round "7"]
[White "Bobula, Mateusz"]
[Black "Bonafede, Alessandro"]
[Result "1/2-1/2"]
[WhiteElo "2156"]
[BlackElo "2107"]
[PlyCount "49"]
[EventDate "2004.07.29"]

1. d4 Nf6 2. Nf3 e6 3. c4 c5 4. d5 exd5 5. cxd5 d6 6. e4 g6 7. Bd3 Bg7 8. h3
O-O 9. O-O Na6 10. Nc3 Nc7 11. Re1 Rb8 12. a4 Re8 13. Bf4 a6 14. a5 b5 15. axb6
Rxb6 16. Qc2 Bd7 17. Red1 Nh5 18. Bc1 Nb5 19. Nxb5 Bxb5 20. Bxb5 Rxb5 21. Nd2
Be5 22. g3 Qf6 23. Nc4 Bd4 24. Kg2 Reb8 25. Qe2 1/2-1/2

[Event "C.to Europeo U14"]
[Site "Urgup TUR"]
[Date "2004.08.06"]
[Round "8"]
[White "Bonafede, Alessandro"]
[Black "Aydogdu, Ataman"]
[Result "1-0"]
[WhiteElo "2107"]
[BlackElo "1974"]
[PlyCount "129"]
[EventDate "2004.07.29"]

1. e4 c5 2. Nf3 e6 3. d3 Nc6 4. g3 d5 5. Nbd2 Nf6 6. Bg2 Be7 7. O-O O-O 8. e5
Nd7 9. Re1 Qc7 10. Qe2 f6 11. exf6 Nxf6 12. Bh3 e5 13. Bxc8 Raxc8 14. Nxe5 Nd4
15. Qd1 Bd6 16. f4 Rce8 17. c3 Nf5 18. Ndf3 b5 19. Be3 Nxe3 20. Rxe3 d4 21. Re1
dxc3 22. bxc3 Qb7 23. Qb3+ Kh8 24. Rab1 a6 25. Re2 c4 26. dxc4 Bc5+ 27. Nd4 Ng4
28. Rbe1 Nxe5 29. Rxe5 Rxe5 30. Rxe5 Qa7 31. cxb5 Bxd4+ 32. cxd4 Qxd4+ 33. Qe3
Qa1+ 34. Qe1 Qxa2 35. Re8 Qf7 36. Rxf8+ Qxf8 37. bxa6 Qc5+ 38. Kg2 Qc6+ 39. Kf2
h6 40. Qe2 Qb6+ 41. Kg2 Qc6+ 42. Kh3 Qc8+ 43. g4 Qc3+ 44. Kh4 Qf6+ 45. Kg3 Qb6
46. f5 Qb8+ 47. Kh3 Qa8 48. Qd3 Qa7 49. f6 gxf6 50. Kh4 Kg7 51. Kh3 Kh8 52. Qc4
Kg7 53. Kg2 Qa8+ 54. Kf2 Qa7+ 55. Ke2 Qb6 56. Qc8 Qb5+ 57. Ke3 Qb3+ 58. Kd4
Qd1+ 59. Ke4 Qh1+ 60. Ke3 Qe1+ 61. Kd4 Qd1+ 62. Ke4 Qe1+ 63. Kd5 Qh1+ 64. Ke6
Qe4+ 65. Kd6 1-0